[Event "49th ch-IND NatA"]
[Site "Aurangabad IND"]
[Date "2011.10.13"]
[Round "5"]
[White "Shyam,SM"]
[Black "Arun Prasad,S"]
[Result "1/2-1/2"]
[WhiteElo "2457"]
[BlackElo "2522"]

1.e4 c5 2.Nf3 d6 3.d4 cxd4 4.Nxd4 Nf6 5.Nc3 a6 6.Be3 e6 7.g4 h6 8.f4 Nc6
9.Qf3 Qc7 10.Nb3 b5 11.O-O-O Bb7 12.Bd3 Nb4 13.Kb1 d5 14.Rc1 Rc8 15.Bd4 dxe4
16.Nxe4 Be7 17.Rhe1 Qd7 18.Nxf6+ Bxf6 19.Be4 Bxe4 20.Qxe4 Bxd4 21.Nxd4 O-O
22.c3 Nc6 23.Rcd1 Nxd4 24.Rxd4 Qc6 25.Qxc6 Rxc6 26.Kc2 g5 27.a4 gxf4 28.Rxf4 Rc5
29.Rd4 Rfc8 30.h3 Kg7  1/2-1/2

[Event "49th ch-IND NatA"]
[Site "Aurangabad IND"]
[Date "2011.10.13"]
[Round "5"]
[White "Udeshi,A"]
[Black "Suvrajit,S"]
[Result "1-0"]
[WhiteElo "2379"]
[BlackElo "2384"]

1.e4 c5 2.Nf3 d6 3.d4 cxd4 4.Nxd4 Nf6 5.Nc3 a6 6.Be3 e5 7.Nf3 Qc7 8.a4 Be6
9.Be2 Nbd7 10.O-O Be7 11.a5 O-O 12.Ng5 Bc4 13.Ra4 Bxe2 14.Qxe2 Rac8 15.Rd1 Rfe8
16.h3 Nf8 17.Nf3 Ne6 18.Nd2 Qd7 19.Ndb1 g6 20.b3 Bf8 21.Qd2 Nc5 22.Bxc5 Rxc5
23.Na3 Re6 24.Nc4 Qc6 25.Qd3 Qc7 26.Raa1 h5 27.Na4 Rc6 28.Nc3 Rc5 29.Qe2 Re8
30.Rd3 Rd8 31.Rad1 Rxc4 32.bxc4 Qxa5 33.Nd5 Ne8 34.Rb3 Rd7 35.Rdb1 Qc5 36.Rxb7 Rxb7
37.Rxb7 Qc8 38.Ra7 Qb8 39.Rxa6 Nc7 40.Nxc7 Qxc7 41.Qd3 Qb7 42.Ra1 h4 43.Re1 Be7
44.Qd5 Qb4 45.Rd1 Qc3 46.Qd3 Qa5 47.Qb3 Kg7 48.Qb7 Bf8 49.Rd3 Qe1+ 50.Kh2 Qe2
51.Qc7 Qxe4 52.Rf3 Kh6 53.Rxf7 Bg7 54.c3 Kh5 55.Qxd6 Qxc4 56.Qd1+ Kh6 57.Qg4 Qxg4
58.hxg4 e4 59.g5+  1-0

[Event "Indonesia Open"]
[Site "Jakarta INA"]
[Date "2011.10.13"]
[Round "1.40"]
[White "Sukandar,I"]
[Black "Kadek,I"]
[Result "1-0"]
[WhiteElo "2330"]
[BlackElo "1983"]

1.e4 c5 2.Nf3 d6 3.d4 cxd4 4.Nxd4 Nf6 5.Nc3 a6 6.Be3 e6 7.f4 Nc6 8.Be2 Be7
9.O-O Qc7 10.Kh1 O-O 11.Qe1 Bd7 12.Qg3 b5 13.a3 Rfd8 14.Rae1 Kh8 15.e5 Ne8
16.Bd3 Nxd4 17.Bxd4 f5 18.exd6 Bxd6 19.Qh4 Bc8 20.Bxf5 exf5 21.Nd5 Qf7 22.Qxd8 Bb7
23.Rxe8+ Qxe8 24.Qxd6 Qf7 25.Ne3 Re8 26.Be5  1-0

[Event "II Oliver Gonzalez Memorial"]
[Site "Madrid ESP"]
[Date "2011.10.13"]
[Round "6.29"]
[White "Vilarnovo Caamano,J"]
[Black "Gomez Ferrer,J"]
[Result "1/2-1/2"]
[WhiteElo "2087"]
[BlackElo "1942"]

1.e4 c5 2.Nf3 d6 3.d4 cxd4 4.Nxd4 Nf6 5.Nc3 a6 6.Be3 Ng4 7.Bg5 h6 8.Bh4 g5
9.Bg3 Bg7 10.Qd2 Nc6 11.Nf5 Bxf5 12.exf5 Qa5 13.Bd3 O-O-O 14.Nd1 Qc5 15.c3 Qd5
16.Ne3 Nxe3 17.Qxe3 h5 18.f3 e6 19.fxe6 Rhe8 20.O-O-O Rxe6 21.Be4 Qxa2 22.Qb6 Rd7
23.Bxc6 bxc6 24.Qxc6+ Rc7 25.Qa8+ Kd7 26.Be1 Qa1+ 27.Kc2 Qa4+ 28.Kc1 Bf6
29.Qd5 Be5 30.Kb1 Bf6 31.Bg3 Be7 32.Qf5 Qb5 33.Qxf7 Re2 34.Rxd6+ Kc8 35.Qg8+ Kb7
36.Qd5+ Qxd5 37.Rxd5 Kc6 38.Bxc7 Kxd5 39.g3 Kc4 40.Ka2 Bf6 41.Ba5 Kb5 42.Bb4 a5
43.Ba3 Bxc3 44.Rd1 Bd2 45.f4 gxf4 46.gxf4 Bxf4 47.Rd5+ Ka6 48.h4 Re5 49.Rxe5 Bxe5  1/2-1/2

[Event "Indonesia Open"]
[Site "Jakarta INA"]
[Date "2011.10.14"]
[Round "3.32"]
[White "Lindiawati,E"]
[Black "Novita,A"]
[Result "0-1"]
[WhiteElo "2085"]
[BlackElo "2310"]

1.e4 c5 2.Nf3 d6 3.d4 cxd4 4.Nxd4 Nf6 5.Nc3 a6 6.Be3 e6 7.f3 Be7 8.Qd2 O-O
9.O-O-O b5 10.g4 Bb7 11.g5 Nfd7 12.h4 Nc6 13.Kb1 b4 14.Na4 Nxd4 15.Bxd4 e5
16.Be3 Bc6 17.b3 Bxa4 18.bxa4 Qa5 19.Bc4 Rac8 20.Bb3 Nc5 21.Qd5 Nxb3 22.axb3 Qxd5
23.Rxd5 Rc6 24.Rd3 f5 25.gxf6 Rxf6 26.Bg5 Re6 27.Bd2 Rb6 28.h5 g6 29.Rg1 Kf7
30.Rh1 Kg7 31.Rg1 Bh4 32.Be3 Rc6 33.Bd2 Bf2 34.Rg4 Bc5 35.h6+ Kf7 36.f4 Rf6
37.f5 gxf5 38.Rg7+ Ke6 39.Bg5 fxe4 40.Rd1 Rf7 41.Rg8 e3 42.Re8+ Kd7 43.Rxe5 Kc7
44.Re4 Rf2 45.Re7+ Kc8 46.Bxe3 Bxe3 47.Rxe3 Rfxc2 48.Re8+ Kb7 49.Re7+ Kb6
50.Rxh7 R2c3 51.Kb2 Rc2+ 52.Kb1 R2c3 53.Kb2 Rc2+ 54.Kb1 Rh2 55.Rd5 Rc3 56.Rxd6+ Kc5
57.Rhd7 Rxb3+ 58.Kc1 Rc3+ 59.Kd1 Ra3 60.Ke1 Raa2 61.Rd2 Raxd2 62.Rxd2 Rxh6
63.Rc2+ Kb6  0-1

[Event "III Curitiba ITT"]
[Site "Curitiba BRA"]
[Date "2011.10.15"]
[Round "4"]
[White "Martins,Ca1"]
[Black "Santiago,Y"]
[Result "1-0"]
[WhiteElo "2235"]
[BlackElo "2314"]

1.e4 c5 2.Nf3 d6 3.d4 cxd4 4.Nxd4 Nf6 5.Nc3 a6 6.Be3 e5 7.Nb3 Be7 8.h3 Be6
9.Qf3 b5 10.O-O-O Qc7 11.Kb1 b4 12.Nd5 Bxd5 13.exd5 O-O 14.g4 a5 15.Nd2 a4
16.g5 Nfd7 17.Bd3 b3 18.cxb3 axb3 19.a3 Na6 20.Rc1 Qb7 21.Rc4 g6 22.h4 f5
23.gxf6 Nxf6 24.Rc6 Nc7 25.Bc4 Nh5 26.Qg4 Rf5 27.Rc1 Nf6 28.Qg2 Nce8 29.Rb6 Qd7
30.Bb5 Qd8 31.Rb7 Rc8 32.Rxc8 Qxc8 33.Rxe7 Qc2+ 34.Ka1 Nc7 35.Bc6 Qd1+ 36.Nb1 Ng4
37.Bb6 Na6 38.f3 Rxf3 39.Bb5 Ne3 40.Bxe3 Rxe3 41.Qf2 Rf3 42.Qa7  1-0

[Event "TCh-FIN SM-Liiga 2011-12"]
[Site "Porvoo FIN"]
[Date "2011.10.15"]
[Round "3.2"]
[White "Agopov,M"]
[Black "Palliser,R"]
[Result "1/2-1/2"]
[WhiteElo "2445"]
[BlackElo "2444"]

1.e4 c5 2.Nf3 d6 3.d4 cxd4 4.Nxd4 Nf6 5.Nc3 a6 6.Be3 e5 7.Nf3 Qc7 8.a4 Be7
9.Be2 O-O 10.O-O b6 11.Nd2 Be6 12.Bf3 Nc6 13.Re1 h6 14.Nf1 Na5 15.Ng3 Rfc8
16.Nf5 Bf8 17.Qd3 Bc4 18.Qd2 Be6 19.Qd3 Bc4 20.Qd1 Be6 21.Qd3  1/2-1/2

[Event "Indonesia Open"]
[Site "Jakarta INA"]
[Date "2011.10.16"]
[Round "5.34"]
[White "Tirto"]
[Black "Abubakar,N"]
[Result "1-0"]
[WhiteElo "2322"]
[BlackElo "2191"]

1.e4 c5 2.Nf3 d6 3.d4 cxd4 4.Nxd4 Nf6 5.Nc3 a6 6.Be3 e5 7.Nb3 Be6 8.f3 Nbd7
9.Qd2 Rc8 10.g4 Nb6 11.g5 Nfd7 12.h4 Be7 13.O-O-O Qc7 14.Kb1 Nc4 15.Bxc4 Qxc4
16.h5 b5 17.Na5 Qc7 18.Nd5 Bxd5 19.exd5 Nb8 20.f4 Bd8 21.Nc6 Nxc6 22.dxc6 Qxc6
23.Qxd6 Qxd6 24.Rxd6 exf4 25.Bxf4 O-O 26.Rxa6 Re8 27.Rd1 Re4 28.Rad6 Be7
29.R6d4 Re6 30.a4 bxa4 31.Rxa4 h6 32.gxh6 gxh6 33.Ra5 Rc4 34.Rf5 Kf8 35.Rf1 Ke8
36.Bc1 Rh4 37.c3 Rh2 38.Rb5 Bd6 39.Bf4 Bxf4 40.Rxf4 f6 41.Rg4 Kf7 42.Rg6 Rxh5
43.Rxf6+ Kxf6 44.Rxh5 Kg6 45.Rh2 Kg5 46.Kc2 h5 47.b4 Kg4 48.c4 h4 49.c5 Kg3
50.Rh1 h3 51.Kd3 Kg2 52.Rxh3 Kxh3 53.b5 Kg4 54.b6  1-0

[Event "II Oliver Gonzalez Memorial"]
[Site "Madrid ESP"]
[Date "2011.10.16"]
[Round "9.10"]
[White "Luukkonen,T"]
[Black "Garcia,Ed"]
[Result "1-0"]
[WhiteElo "2256"]
[BlackElo "2283"]

1.e4 c5 2.Nf3 d6 3.d4 cxd4 4.Nxd4 Nf6 5.Nc3 a6 6.Be3 e6 7.f3 b5 8.g4 h6 9.Qd2 b4
10.Na4 Nbd7 11.O-O-O Qa5 12.b3 Bb7 13.h4 Rc8 14.a3 Nc5 15.axb4 Nxb3+ 16.Nxb3 Qxa4
17.Kb2 d5 18.Ra1 Qxb4 19.c3 Qe7 20.Bxa6 Bxa6 21.Rxa6 dxe4 22.Rd1 Qb7 23.Ra7 Qc6
24.c4 exf3 25.g5 Ne4 26.g6 f6 27.Qd4 Rg8 28.Ra6  1-0

[Event "TCh-FIN SM-Liiga 2011-12"]
[Site "Vantaa FIN"]
[Date "2011.10.16"]
[Round "4.3"]
[White "Nyysti,S"]
[Black "Tella,J"]
[Result "1-0"]
[WhiteElo "2332"]
[BlackElo "2429"]

1.e4 c5 2.Nf3 d6 3.d4 cxd4 4.Nxd4 Nf6 5.Nc3 a6 6.Be3 e6 7.f3 Be7 8.g4 Nc6
9.Qd2 O-O 10.O-O-O Nxd4 11.Bxd4 b5 12.g5 Nd7 13.h4 Bb7 14.Kb1 Rc8 15.a3 Ne5
16.Qe3 Nc4 17.Bxc4 Rxc4 18.Rhg1 b4 19.axb4 Rxb4 20.Bc5 Rc4 21.Ba3 Qc7 22.Rd3 Rd8
23.Rgd1 Bf8 24.h5 d5 25.Bxf8 Rxf8 26.exd5 exd5 27.h6 Qf4 28.hxg7 Kxg7 29.Qb6 Rb4
30.Qh6+ Kg8 31.Ne2 Qe5 32.Nd4 Rb8 33.b3 a5 34.Rh1 Qg7 35.Qd6 Ba6 36.Nf5 Bxd3
37.Nxg7 Rxb3+ 38.Kc1 Rc8 39.Rh2 Kxg7 40.Qxd5 Rbc3 41.Kd2 Bxc2 42.Qd4+ Kg8
43.Qxc3 Rxc3 44.Kxc3 Bd1 45.Rh3 a4 46.f4 Kg7 47.Rh6 Bb3 48.Ra6 Bd1 49.Kd4 Bb3
50.Ke5 Bd1 51.f5 Bb3 52.Kf4 Bc2 53.f6+ Kg6 54.Ra8 Kh5 55.Rc8 Bb3 56.Rc1 Kg6
57.Rh1 h5 58.gxh6 Kh7 59.Rh3 Be6 60.Ra3 Bb3 61.Kg5 Kh8 62.Ra1 Kh7 63.Kh5 Kh8
64.Kh4 Kh7 65.Kg5 Kh8 66.Kh5 Bc2 67.Rg1 Bd3 68.Rg7 a3 69.Rxf7 a2 70.Ra7 Bc4
71.h7  1-0

[Event "Indonesia Open"]
[Site "Jakarta INA"]
[Date "2011.10.17"]
[Round "6.38"]
[White "Gu Xiaobing"]
[Black "Abubakar,N"]
[Result "1-0"]
[WhiteElo "2335"]
[BlackElo "2191"]

1.e4 c5 2.Nf3 d6 3.d4 cxd4 4.Nxd4 Nf6 5.Nc3 a6 6.Be3 e5 7.Nb3 Be6 8.f3 Nbd7
9.g4 Rc8 10.Qd2 Nb6 11.g5 Nh5 12.O-O-O Be7 13.Kb1 O-O 14.Qf2 Nc4 15.Bxc4 Rxc4
16.h4 Qc7 17.Bb6 Qd7 18.Qd2 Rfc8 19.Rh2 g6 20.Nd5 Bf8 21.Be3 Rxc2 22.Qxc2 Rxc2
23.Kxc2 h6 24.Kb1 Bxd5 25.Rxd5 hxg5 26.hxg5 Ng7 27.Rd1 Qb5 28.Nc1 Ne6 29.Ne2 Be7
30.Nc3 Qc4 31.Rdh1 Qd3+ 32.Ka1 Nxg5 33.Nd5  1-0

[Event "49th ch-IND NatA"]
[Site "Aurangabad IND"]
[Date "2011.10.19"]
[Round "11"]
[White "Udeshi,A"]
[Black "Padmini,R"]
[Result "0-1"]
[WhiteElo "2379"]
[BlackElo "2356"]

1.e4 c5 2.Nf3 d6 3.d4 cxd4 4.Nxd4 Nf6 5.Nc3 a6 6.Be3 e5 7.Nf3 Be7 8.Bc4 O-O
9.O-O Be6 10.Qe2 b5 11.Bb3 Nc6 12.Rfd1 Qc7 13.Nd5 Bxd5 14.Bxd5 Nxd5 15.Rxd5 b4
16.Rc1 Rfc8 17.b3 Na7 18.Bxa7 Rxa7 19.Qd2 a5 20.g3 h6 21.h4 Ra6 22.Ne1 Rc6
23.a3 a4 24.Qxb4 axb3 25.Qxb3 Rc3 26.Qb2 Rc4 27.f3 Qa7+ 28.Kf1 Qd7 29.Kg2 f5
30.exf5 Qxf5 31.Qb3 Qe6 32.Rcd1 Rc3 33.Qb4 R8c4 34.Qb5 e4 35.Qe8+ Kh7 36.R1d2 exf3+
37.Nxf3 Rxc2 38.a4 Qxd5  0-1

[Event "TCh-BEL 2011-12"]
[Site "Belgium BEL"]
[Date "2011.10.23"]
[Round "2.2"]
[White "Bok,B"]
[Black "Hoffmann,Micha1"]
[Result "1-0"]
[WhiteElo "2488"]
[BlackElo "2496"]

1.e4 c5 2.Nf3 d6 3.d4 cxd4 4.Nxd4 Nf6 5.Nc3 a6 6.Be3 Ng4 7.Bg5 h6 8.Bh4 g5
9.Bg3 Bg7 10.h3 Ne5 11.f3 Nbc6 12.Bf2 Ng6 13.Nd5 Rb8 14.Qd2 Nxd4 15.Bxd4 Bxd4
16.Qxd4 Be6 17.h4 gxh4 18.Rxh4 Qa5+ 19.b4 Qa3 20.Nc7+ Kd7 21.Nxa6 bxa6 22.Qa7+ Kd8
23.Qxb8+ Bc8 24.Qb6+ Ke8 25.Rh1 Qc3+ 26.Kf2  1-0

[Event "TCh-CZE Liga1 Vychod"]
[Site "Czech Rep CZE"]
[Date "2011.10.23"]
[Round "2"]
[White "Biolek, Richard"]
[Black "Roubalik, Jakub"]
[Result "1/2-1/2"]
[WhiteElo "2464"]
[BlackElo "2307"]

1.e4 c5 2.Nf3 d6 3.d4 cxd4 4.Nxd4 Nf6 5.Nc3 a6 6.Be3 e5 7.Nde2 Be7 8.Ng3 Be6
9.Nh5 Nxh5 10.Qxh5 Nd7 11.Qd1 Nf6 12.Be2 d5 13.exd5 Nxd5 14.Nxd5 Bxd5 15.O-O O-O
16.c4 Bc6 17.Qb3 Qd7 18.Bb6 Qe6 19.Rfe1 f5 20.c5 Bd5 21.Qa4 Kh8 22.b3 Rac8
23.Rac1 Qg6 24.Bf1 Bc6 25.Qc4 e4 26.f4 Bd8 27.Bxd8 Rfxd8 28.Rcd1 Bb5 29.Qc1 Bxf1
30.Rxf1 Qe6 31.Qe3 Rd5 32.Rxd5 Qxd5 33.Rc1 h6 34.h3 Rd8 35.a4 Qe6 36.Rc3 Rd1+
37.Kh2 Qd5 38.c6 bxc6 39.Qc5 Qxc5 40.Rxc5 e3 41.Re5 Rd3 42.Rxf5 Rxb3 43.Kg3 Rb4
44.Kf3 Rxa4 45.Kxe3 Rb4 46.Rf8+ Kh7 47.Ra8 Rb6 48.f5 c5 49.g4 Rc6 50.Kd3 c4+
51.Kc3 h5 52.gxh5 Kh6 53.Rh8+ Kg5 54.Rh7 Kxf5  1/2-1/2

[Event "ch-CRC 2011"]
[Site "San Jose CRC"]
[Date "2011.10.23"]
[Round "6"]
[White "Duran Vega,S"]
[Black "Munoz,Ca"]
[Result "1-0"]
[WhiteElo "2211"]
[BlackElo "2017"]

1.e4 c5 2.Nf3 d6 3.d4 cxd4 4.Nxd4 Nf6 5.Nc3 a6 6.Be3 e5 7.Nb3 Be6 8.Qd2 Nbd7
9.O-O-O b5 10.f4 Be7 11.f5 Bxb3 12.axb3 b4 13.Nd5 Nxd5 14.Qxd5 O-O 15.Bd3 Nf6
16.Qc6 Qc8 17.Qxc8 Rfxc8 18.h3 a5 19.g4 d5 20.exd5 Nxd5 21.Bf2 Bg5+ 22.Kb1 Nf6
23.Bg3 e4 24.Bc4 a4 25.h4 Be3 26.g5 axb3 27.Bxb3 Ng4 28.Rd7 Ra7 29.Rxa7 Bxa7
30.g6 Nh6 31.gxf7+ Nxf7 32.Rd1 Bc5 33.Rd7 Rf8 34.Bd6 Bxd6 35.Rxd6 h6 36.Rd7 e3
37.Kc1 Ra8 38.Bxf7+ Kf8 39.Kd1  1-0

[Event "TCh-SVK Extraliga 2011-12"]
[Site "Slovakia SVK"]
[Date "2011.10.23"]
[Round "2"]
[White "Petenyi,T"]
[Black "Helbich,Jan"]
[Result "1/2-1/2"]
[WhiteElo "2347"]
[BlackElo "2231"]

1.e4 c5 2.Nf3 d6 3.d4 cxd4 4.Nxd4 Nf6 5.Nc3 a6 6.Be3 e6 7.f4 Qc7 8.Qf3 b5
9.O-O-O Bb7 10.Bd3 Nbd7 11.g4 b4 12.Nce2 Nc5 13.Ng3 d5 14.e5 Nfe4 15.Kb1 O-O-O
16.Rc1 Kb8 17.Rhd1 Be7 18.Bf1 Rc8 19.Nxe4 Nxe4 20.Bd3 Nc5 21.Be2 Ne4 22.Qf1 Qa5
23.Nb3 Qa4 24.Rd4 Nc5 25.Bd2 Nxb3 26.axb3 Qa5 27.f5 Qb6 28.Rd3 g6 29.Be3 Bc5
30.Bxc5 Rxc5 31.fxe6 fxe6 32.Qf4 a5 33.Rd4 Rhc8 34.Bd3 Ba6 35.Bxa6 Qxa6 36.Qd2 Rf8  1/2-1/2

[Event "World Youth U16 Ol"]
[Site "Kocaeli TUR"]
[Date "2011.10.24"]
[Round "1.17"]
[White "McClement,A"]
[Black "Idani,P"]
[Result "0-1"]
[WhiteElo "2088"]
[BlackElo "2417"]

1.e4 c5 2.Nf3 d6 3.d4 cxd4 4.Nxd4 Nf6 5.Nc3 a6 6.Be3 e5 7.Nb3 Be6 8.f3 h5
9.Qd2 Nbd7 10.O-O-O Rc8 11.f4 b5 12.f5 Bc4 13.Kb1 Be7 14.h3 h4 15.Qf2 Bxf1
16.Qxf1 Rxc3 17.bxc3 Nxe4 18.Qd3 Ndf6 19.c4 O-O 20.Kb2 Qa8 21.cxb5 axb5 22.Qxb5 Rb8
23.Qd3 d5 24.c4 d4 25.Bd2 Nc5 26.Qb1 Qa4  0-1

[Event "19th Skopje Open"]
[Site "Skopje MKD"]
[Date "2011.10.24"]
[Round "1"]
[White "Draganic,V"]
[Black "Lazov,Toni"]
[Result "1-0"]
[WhiteElo "2295"]
[BlackElo "1739"]

1.e4 c5 2.Nf3 d6 3.d4 cxd4 4.Nxd4 Nf6 5.Nc3 a6 6.Be3 e5 7.Nb3 Be6 8.f3 Be7
9.Qd2 O-O 10.O-O-O a5 11.Bb5 Na6 12.Qe2 Qb8 13.g4 Nc7 14.g5 Nxb5 15.Qxb5 Bd7
16.Qd3 Nh5 17.Nd5 Bd8 18.Kb1 b5 19.Nc1 b4 20.Ne2 Bb5 21.Qd2 Bxe2 22.Qxe2 a4
23.Rhg1 b3 24.cxb3 axb3 25.a3 Kh8 26.Rg4 f5 27.Rh4 g6 28.exf5 Rxf5 29.f4 Ra4
30.Qd3 Nxf4 31.Bxf4 exf4 32.Qh3 Qb7 33.Qf3 Bxg5 34.Nf6 Rxf6 35.Qxb7 Bxh4
36.Qc8+  1-0

[Event "19th Skopje Open"]
[Site "Skopje MKD"]
[Date "2011.10.24"]
[Round "1"]
[White "Milanovic,Ma"]
[Black "Nikolov,Sas"]
[Result "0-1"]
[WhiteElo "1851"]
[BlackElo "2404"]

1.e4 c5 2.Nf3 d6 3.d4 cxd4 4.Nxd4 Nf6 5.Nc3 a6 6.Be3 e5 7.Nb3 Be6 8.f3 Be7
9.Qd2 O-O 10.O-O-O Nbd7 11.g4 b5 12.g5 b4 13.Ne2 Ne8 14.f4 exf4 15.Bxf4 Ne5
16.h4 a5 17.Kb1 a4 18.Nbd4 b3 19.Nxe6 fxe6 20.Bh3 Nc7 21.Nd4 bxc2+ 22.Nxc2 Nc4
23.Qh2 Rb8 24.Bc1 d5 25.Nd4 Rb6 26.Qe2 Ba3 27.b3 axb3 28.Nxb3 Nb5 29.Rd3 d4
30.Rhd1 Ne5 31.Rg3 Bxc1 32.Rxc1 Qd6 33.Qg2 d3 34.Ka1 Nd4 35.Qb2 Ne2 36.Re3 Nxc1
37.Qxc1 Rxb3  0-1

[Event "World Youth U16 Ol"]
[Site "Kocaeli TUR"]
[Date "2011.10.26"]
[Round "4.10"]
[White "Studer,N"]
[Black "Fedoseev,Vl3"]
[Result "0-1"]
[WhiteElo "2127"]
[BlackElo "2523"]

1.e4 c5 2.Nf3 d6 3.d4 cxd4 4.Nxd4 Nf6 5.Nc3 a6 6.Be3 e6 7.f3 b5 8.g4 h6 9.h4 Bb7
10.Qd2 Nbd7 11.O-O-O b4 12.Na4 Qa5 13.b3 Nc5 14.a3 Rc8 15.axb4 Nxb3+ 16.Nxb3 Qxa4
17.Kb2 d5 18.Nc5 Qc6 19.Ra1 dxe4 20.b5 Qc7 21.Nxa6 Qd6 22.b6 Qxd2 23.Bxd2 Bd6
24.Bb5+ Ke7 25.Bb4 Nd5 26.Bxd6+ Kxd6 27.Rhd1 Ke5 28.Ra5 exf3 29.Bd7 Rc4 30.Nc5 Rb8
31.Ba4 Bc6 32.Bb3 Rxb6 33.Nd3+ Kd6 34.Ka3 Nc3 35.Rg1 Rd4 36.g5 Bb5 37.gxh6 gxh6
38.Kb2 Ne2 39.Rg8 Bxd3  0-1

[Event "World Youth U16 Ol"]
[Site "Kocaeli TUR"]
[Date "2011.10.26"]
[Round "4.11"]
[White "Eliseev,U"]
[Black "Grandadam,P"]
[Result "1-0"]
[WhiteElo "2441"]
[BlackElo "2160"]

1.e4 c5 2.Nf3 d6 3.d4 cxd4 4.Nxd4 Nf6 5.Nc3 a6 6.Be3 Ng4 7.Bg5 h6 8.Bh4 g5
9.Bg3 Bg7 10.h3 Ne5 11.Nf5 Bxf5 12.exf5 Nbc6 13.Nd5 e6 14.fxe6 fxe6 15.Ne3 Qa5+
16.c3 Nf3+ 17.Qxf3 Bxc3+ 18.Kd1 Qa4+ 19.Nc2 Bxb2 20.Rc1 Rc8 21.Bd3 Rf8 22.Qg4 Nd4
23.Re1 Qxa2 24.Re4 Bxc1 25.Rxd4 Bb2 26.Bg6+ Rf7 27.Rd2 Kf8 28.Qh5 Qc4 29.Bxd6+ Kg7
30.Bd3  1-0

[Event "12th Liberec Open"]
[Site "Liberec CZE"]
[Date "2011.10.26"]
[Round "5"]
[White "Horak,K1"]
[Black "Novotny,L"]
[Result "1-0"]
[WhiteElo "1828"]
[BlackElo "2019"]

1.e4 c5 2.Nf3 d6 3.d4 cxd4 4.Nxd4 Nf6 5.Nc3 a6 6.Be3 Ng4 7.Bc1 g6 8.Be2 Ne5
9.Be3 Bg7 10.Qd2 h5 11.h3 b5 12.f4 Nc4 13.Bxc4 bxc4 14.O-O e5 15.Nf3 Nc6
16.Rad1 exf4 17.Bxf4 O-O 18.Qxd6 Qb6+ 19.Kh1 Rd8 20.Nd5 Qb7 21.Qxc6 Qxc6
22.Ne7+ Kf8 23.Nxc6 Rxd1 24.Rxd1 Bb7 25.Nce5 Re8 26.Rd7 Bxe4 27.Rxf7+ Kg8
28.Rc7 g5 29.Bh2 Bxf3 30.gxf3 Bxe5 31.Bxe5 Rxe5 32.Rxc4 a5 33.Kg2 Kf7 34.Kg3 Ke6
35.Re4 Rxe4 36.fxe4 Ke5 37.Kf3 Kd4 38.c3+ Kc4 39.b3+ Kxc3 40.e5 g4+ 41.hxg4 hxg4+
42.Kxg4 Kb2 43.e6 Kxa2 44.e7 Kxb3 45.e8=Q a4 46.Qb5+  1-0

[Event "Chinese League"]
[Site "Qingdao CHN"]
[Date "2011.10.27"]
[Round "14"]
[White "Sukandar,I"]
[Black "Wang Jue"]
[Result "0-1"]
[WhiteElo "2330"]
[BlackElo "2275"]

1.e4 c5 2.Nf3 d6 3.d4 cxd4 4.Nxd4 Nf6 5.Nc3 a6 6.Be3 e5 7.Nb3 Be7 8.Qd2 O-O
9.O-O-O Be6 10.f4 b5 11.f5 Bd7 12.g4 b4 13.Nd5 Nxd5 14.exd5 a5 15.Qf2 a4
16.Nd2 Qc7 17.Kb1 Rc8 18.Bd3 Na6 19.Ne4 b3 20.cxb3 Nb4 21.f6 axb3 22.a3 Nxd3
23.Rxd3 Qc4 24.Rhd1 Qc2+  0-1

[Event "Chinese League"]
[Site "Qingdao CHN"]
[Date "2011.10.27"]
[Round "14"]
[White "Wang,Dongsen"]
[Black "Zhao Jun"]
[Result "0-1"]
[WhiteElo "2091"]
[BlackElo "2580"]

1.e4 c5 2.Nf3 d6 3.d4 cxd4 4.Nxd4 Nf6 5.Nc3 a6 6.Be3 e5 7.Nb3 Be7 8.f3 Be6
9.Qd2 h5 10.O-O-O Nbd7 11.Kb1 Rc8 12.Nd5 Nxd5 13.exd5 Bf5 14.Bd3 Bxd3 15.Qxd3 Bg5
16.Nd2 O-O 17.g4 Bxe3 18.Qxe3 Nf6 19.Rhg1 Nxd5 20.Qb3 Nf4 21.Ne4 d5 22.gxh5 Rc6
23.c4 Rb6 24.Qc2 d4 25.c5 Rh6 26.Nd6 Rxh5 27.Nxb7 Qd5 28.Nd6 d3 29.Qc4 Qxf3
30.c6 Rxh2 31.c7 Qe2 32.Qc3 Qc2+ 33.Ka1 Qxc3 34.bxc3 Nd5 35.Rxd3 Nxc7 36.Ne4 f5
37.Nc5 e4 38.Rd7 Rf7 39.Rd8+ Kh7 40.Re1 Re7 41.c4 Ne6 42.Nxe6 Rxe6  0-1

[Event "38th ch-IND w 2011"]
[Site "Chennai IND"]
[Date "2011.10.29"]
[Round "1"]
[White "Pratyusha,B"]
[Black "Soumya,Sw"]
[Result "1-0"]
[WhiteElo "2062"]
[BlackElo "2318"]

1.e4 c5 2.Nf3 d6 3.d4 cxd4 4.Nxd4 Nf6 5.Nc3 a6 6.Be3 e6 7.f4 Be7 8.Qf3 Qc7
9.Bd3 b5 10.g4 b4 11.Nce2 d5 12.e5 Ne4 13.Ng3 Nc5 14.O-O-O Nxd3+ 15.Rxd3 Nd7
16.Kb1 Bb7 17.h4 O-O-O 18.h5 g5 19.Re1 h6 20.Rdd1 Bc5 21.Qe2 Qb6 22.fxg5 hxg5
23.Nb3 Bxe3 24.Qxe3 Qxe3 25.Rxe3 Nb6 26.Rd4 Nc4 27.Re1 Rdf8 28.Nc5 a5 29.b3 Na3+
30.Kb2 Bc6 31.Rf1 Kc7 32.Rd2 Kb6 33.Nd3 Nb5 34.Rdf2 Rh7 35.Rf6 Nd4 36.R1f2 Bb5
37.Ne1 Nc6 38.Nf3 Rg8 39.h6 Nb8 40.Nd4 Be8 41.Nh5 Nd7 42.Nxe6 fxe6 43.Rxe6+ Kc7
44.Ng7 Kd8 45.Ra6 Nxe5 46.Nxe8 Nxg4 47.Ra8+ Kd7 48.Ra7+ Kc6 49.Rxh7 Nxf2
50.Rc7+ Kb6 51.Nf6 Rh8 52.Nxd5+ Kb5 53.h7 g4 54.Rg7 Nd1+ 55.Kc1 Nc3 56.Nf6 Rd8
57.Rd7 Rf8 58.Kd2 g3 59.Rg7 Rh8 60.Rg8  1-0

[Event "TCh-NED Meesterklasse 2011-12"]
[Site "Netherlands NED"]
[Date "2011.10.29"]
[Round "2.8"]
[White "Van Kerkhof,D"]
[Black "Van Delft,M"]
[Result "1-0"]
[WhiteElo "2279"]
[BlackElo "2413"]

1.e4 c5 2.Nf3 d6 3.d4 cxd4 4.Nxd4 Nf6 5.Nc3 a6 6.Be3 Ng4 7.Bg5 h6 8.Bh4 g5
9.Bg3 Bg7 10.Be2 h5 11.Bxg4 hxg4 12.O-O e6 13.Nb3 Bxc3 14.bxc3 e5 15.f3 gxf3
16.Qxf3 Be6 17.Rad1 Qc7 18.Nd4 exd4 19.cxd4 Bc4 20.Qf6 Rg8 21.Bxd6 Qd8 22.Qe5+ Kd7
23.Rf6 Nc6 24.Qf5+ Ke8 25.d5 Ne7 26.Qe5 Rg6 27.Rxg6 fxg6 28.Bc5 b6 29.Be3 Qd7
30.Qh8+ Kf7 31.Qxa8 Qg4 32.Re1 Qxe4 33.Bf2 Qxd5 34.Qa7 Qd6 35.Bxb6 Be2 36.Bc5  1-0

[Event "World Youth U16 Ol"]
[Site "Kocaeli TUR"]
[Date "2011.10.30"]
[Round "9.6"]
[White "Studer,N"]
[Black "Kraus,To"]
[Result "0-1"]
[WhiteElo "2127"]
[BlackElo "2197"]

1.e4 c5 2.Nf3 d6 3.d4 cxd4 4.Nxd4 Nf6 5.Nc3 a6 6.Be3 e5 7.Nf3 Qc7 8.a4 Be7
9.a5 Nbd7 10.Be2 O-O 11.Nd2 b5 12.axb6 Nxb6 13.Bxb6 Qxb6 14.Nc4 Qc7 15.O-O Rd8
16.Ne3 Bb7 17.Re1 Nxe4 18.Ncd5 Bxd5 19.Nxd5 Qa7 20.Rf1 Bg5 21.Bxa6 Nd2  0-1

[Event "World Youth U16 Ol"]
[Site "Kocaeli TUR"]
[Date "2011.10.31"]
[Round "10.3"]
[White "Eliseev,U"]
[Black "Cizinsky,P"]
[Result "1/2-1/2"]
[WhiteElo "2441"]
[BlackElo "2178"]

1.e4 c5 2.Nf3 d6 3.d4 cxd4 4.Nxd4 Nf6 5.Nc3 a6 6.Be3 e5 7.Nb3 Be7 8.Qd2 O-O
9.O-O-O a5 10.Kb1 a4 11.Nc1 a3 12.b3 Be6 13.f3 Ra5 14.g4 d5 15.g5 Nxe4 16.Nxe4 dxe4
17.Qxd8 Rxd8 18.Rxd8+ Bxd8 19.fxe4 Nd7 20.h4 f6 21.Bh3 Bxh3 22.Rxh3 fxg5
23.hxg5 Nf8 24.Bd2 Ra8 25.Nd3 Ne6 26.Rg3 Be7 27.Rg1 Rf8  1/2-1/2

[Event "II Latin American Cup"]
[Site "Montevideo URU"]
[Date "2011.11.02"]
[Round "3.32"]
[White "Perez,Max"]
[Black "Muniz,R"]
[Result "1-0"]
[WhiteElo "2193"]
[BlackElo "2220"]

1.e4 c5 2.Nf3 d6 3.d4 cxd4 4.Nxd4 Nf6 5.Nc3 a6 6.Be3 e5 7.Nb3 Be7 8.f3 O-O
9.Qd2 Be6 10.O-O-O a5 11.a4 Nc6 12.Qf2 Qc8 13.g4 Nb4 14.g5 Ne8 15.Kb1 f5
16.Nd5 Nxd5 17.exd5 Bd7 18.f4 Bxa4 19.fxe5 Bxb3 20.exd6 Nxd6 21.cxb3 a4 22.b4 a3
23.Bd4 Ne4 24.Qe1 Qd7 25.Bc4 Bd6 26.g6 h6 27.Qe3 axb2 28.Bxb2 Ra4 29.Rd4 Rxb4
30.Ba2 Rxb2+ 31.Kxb2 Be5 32.Rd1 Qd6 33.Kb1 Rc8 34.R1d3 Kh8 35.Rc4 Rxc4 36.Bxc4 Qb4+
37.Bb3 Qd6 38.Qa7 Qxg6 39.d6 Qg2 40.Qb8+ Kh7 41.Qg8+ Kg6 42.Qe8+ Kg5 43.Qxe5 Nd2+
44.Kc1  1-0

[Event "1st Panama Open"]
[Site "Panama City PAN"]
[Date "2011.11.04"]
[Round "3.7"]
[White "Hevia,A"]
[Black "Sanchez Alvarez,R"]
[Result "1-0"]
[WhiteElo "2520"]
[BlackElo "2394"]

1.e4 c5 2.Nf3 d6 3.d4 cxd4 4.Nxd4 Nf6 5.Nc3 a6 6.Be3 e5 7.Nb3 Be6 8.Qd2 Nbd7
9.O-O-O Be7 10.f4 b5 11.h3 h5 12.Kb1 Rc8 13.Bd3 Qc7 14.f5 Bc4 15.a3 Rb8 16.Rhg1 h4
17.g4 hxg3 18.Rxg3 Rh7 19.Bg5 b4 20.axb4 Rxb4 21.Bxc4 Qxc4 22.Qg2 Kf8 23.h4 Qc6
24.h5 Qb6 25.h6 gxh6 26.Bxf6 Nxf6 27.Nd5 Qb7 28.Nxf6 Bxf6 29.Rxd6 Ke7 30.Rgd3 Rd4
31.Nxd4  1-0

[Event "38th ch-IND w 2011"]
[Site "Chennai IND"]
[Date "2011.11.05"]
[Round "7"]
[White "Swathi,G"]
[Black "Gomes,Mary"]
[Result "0-1"]
[WhiteElo "2278"]
[BlackElo "2325"]

1.e4 c5 2.Nf3 d6 3.d4 cxd4 4.Nxd4 Nf6 5.Nc3 a6 6.Be3 e5 7.Nf3 Be7 8.Bc4 O-O
9.O-O Nc6 10.Bb3 Be6 11.Qe2 Na5 12.Rfd1 Nxb3 13.axb3 Qc7 14.Bg5 Rac8 15.Bxf6 Bxf6
16.Ne1 Be7 17.Nd5 Bxd5 18.Rxd5 f5 19.Rad1 fxe4 20.Qxe4 Rf6 21.R5d2 Kh8 22.Nd3 Rh6
23.c3 Bg5 24.Re2 Rf8 25.Nb4 Qf7 26.Rd3 Qxb3 27.Qxb7 a5 28.Qd5 Qa4 29.Nc6 Qh4
30.h3 Rhf6 31.Rg3 Qh5 32.Rg4 Rxf2 33.Rxf2 Be3 34.Qxd6 Qf5 35.Kh2 Qxf2 36.Qd1 Bf4+
37.Kh1 e4 38.Nd4 e3 39.Ne2 Be5 40.Ng1 Qd2 41.Qb1 e2 42.Re4 Qd1  0-1

[Event "1st Panama Open"]
[Site "Panama City PAN"]
[Date "2011.11.06"]
[Round "7.15"]
[White "Duran Vega,S"]
[Black "Ruiz Sanchez,O"]
[Result "0-1"]
[WhiteElo "2226"]
[BlackElo "2411"]

1.e4 c5 2.Nf3 d6 3.d4 cxd4 4.Nxd4 Nf6 5.Nc3 a6 6.Be3 e6 7.f3 b5 8.a3 Nbd7
9.Qd2 Bb7 10.g4 Nb6 11.O-O-O Rc8 12.Kb1 Nfd7 13.Nb3 Be7 14.Na5 Ba8 15.g5 d5
16.h4 b4 17.Na2 bxa3 18.Bxa6 Rb8 19.b3 O-O 20.h5 e5 21.g6 d4 22.Bh6 Bf6 23.Rdg1 Nc5
24.Bc4 Nxc4 25.Nxc4 d3 26.Nc1 dxc2+ 27.Kxc2 Nxe4 28.Qxd8 Rfxd8 29.Be3 Nd6
30.gxf7+ Kxf7 31.Nxd6+ Rxd6 32.Rh3 Rc8+ 33.Kb1 Rc3 34.Re1 a2+ 35.Nxa2 Rxb3+
36.Kc2 Rdd3 37.Bd2 e4 38.fxe4 Rxh3  0-1